000 00895nam a2200325 a 4500
003 AR-BaBNM
005 20251128205204.0
008 082120s2002 ||||||||||||||000 | spa||
020 _a950-724-031-4
040 _cAR-BaBNM
100 1 _aMosley, Frances
245 0 0 _aCómo ayudar a su hijo a jugar con números y formas
260 _aBuenos Aires
_bLumen
_c1990
300 _a48 p.
_bil.
650 4 _aENSEÑANZA DE LAS MATEMATICAS
650 4 _aGEOMETRIA
650 4 _aLIBROS PARA NIÑOS
650 4 _aGUIAS
650 4 _aINFLUENCIA FAMILIAR
650 4 _aJUEGOS EDUCATIVOS
650 4 _aACTIVIDADES DE APRENDIZAJE
650 4 _aACTIVIDADES RECREATIVAS
650 4 _aEDUCACION DEL NIÑO
650 4 _aDESARROLLO COGNOSCITIVO
700 1 _aMeredith, Susan
700 1 _aKenyon, Tony
_eilustrador
700 1 _aGower, Teri
_eilustrador
942 _cBK
998 _cisola
999 _c10370
_d10370